00407nam a2200145Ia 4500008004100000020001500041041001200056100002200068245009300090250000800183260003500191300000800226650001000234700001700244221030s9999 xx 000 0 und d a9351071587 aEnglish aO. C. Zienkiewicz 4aThe Finite Element Method : Its Basis & Fundamentalscby O. C. Zienkiewicz, R. L. Taylor a7th bReed ElsevieraNew Delhic2015 a714 aCivil aR. L. Taylor